000 00517nam a2200169 i 4500
001 75642
003 ES-MaACL
005 20230906172531.0
007 t|
008 040927s1960 sp ||||1| spa d
100 1 _aGruber, B.
_960226
245 1 4 _aLas siete fórmulas básicas de la electricidad /
_cB. Gruber ; [traducción por Luis Ibáñez].
260 _aBarcelona :
_bOmega,
_c[1960]
300 _aXLVIII, 304 p. :
_bil. ;
_c16 cm.
700 1 _aIbáñez, Luis.
_964909
852 _aES-MaACL
_jC-18122
_bR.45758
999 _c75642
_d75642